Entry Personal Name
Number of records used in: 4
001 - CONTROL NUMBER
003 - CONTROL NUMBER IDENTIFIER
005 - DATE AND TIME OF LATEST TRANSACTION
- control field:
20221003141247.0
008 - FIXED-LENGTH DATA ELEMENTS
- fixed length control field:
781117n| azannaabn |a aaa
010 ## - LIBRARY OF CONGRESS CONTROL NUMBER
- LC control number:
n 78083887
035 ## - SYSTEM CONTROL NUMBER
- System control number:
(OCoLC)oca00219133
040 ## - CATALOGING SOURCE
- Original cataloging agency:
DLC
- Language of cataloging:
eng
- Transcribing agency:
DLC
- Modifying agency:
DLC
- Description conventions:
rda
- Modifying agency:
DNLM
046 ## - SPECIAL CODED DATES
100 1# - HEADING--PERSONAL NAME
- Personal name:
Hui, Y. H.
- Fuller form of name:
(Yiu H.)
378 ## - FULLER FORM OF PERSONAL NAME
- Fuller form of personal name:
Yiu H.
400 1# - SEE FROM TRACING--PERSONAL NAME
- Control subfield:
nna
- Personal name:
Hui, Yiu H.
670 ## - SOURCE DATA FOUND
- Source citation:
Author's United States food laws ... c1979:
- Information found:
t.p. (Y.H. Hui, Humboldt State Univ.)
670 ## - SOURCE DATA FOUND
- Source citation:
Nat fac dir, 1978:
- Information found:
(Yiu Hui)
670 ## - SOURCE DATA FOUND
- Source citation:
His Essentials of nutrition and diet therapy, 1985:
- Information found:
CIP t.p. (Y.H. Hui) data sheet (b. 8/8/40)
670 ## - SOURCE DATA FOUND
- Source citation:
NLM files, 10/18/84
- Information found:
(hdg.: Hui, Y. H. (Yiu H.))
670 ## - SOURCE DATA FOUND
- Source citation:
His United States food laws, regulations, and standards, c1986:
- Information found:
CIP t.p. (Y.H. Hui) data sheet (Hui, Yui [sic] Hin)